000 00342nam a22001337a 4500
020 _a8177580752
082 _222
_a302.3521
100 _aJones, Gareth R.
245 _aOrganization theory, design and change /
250 _a4th.
260 _aNew Delhi,
_bPearson Education,
_cc2007.
300 _a618 p. ;
_bill. ;
_c25 cm.
942 _2ddc
_cMAG
999 _c290
_d290